Action plan for ielts ( Academic module)

Guardat en:
Dades bibliogràfiques
Format: Llibre
Publicat: 2009
Etiquetes: Afegir etiqueta
Sense etiquetes, Sigues el primer a etiquetar aquest registre!
Thư viện lưu trữ: Mạng thư viện Đại học Đà Nẵng
LEADER 00466nam a22001811a 4500
001 000038565
003 14860
005 20160412021329.0
008 160412s2009 000
082 |a 4A(07)2717 
245 |a Action plan for ielts ( Academic module)  |c Vanessa Jakeman, Clre Mcdowell 
260 |c 2009 
OWN |a LNN 
999 |a From the UDN01 
TYP |a Monograph 
980 |a Mạng thư viện Đại học Đà Nẵng